000 01188nam a2200337 c 4500
001 57844
003 CO-BoRNBP
005 20250731170028.0
007 ta
008 231207s2023 ck a||||r|||| 00| | spa d
020 _a9789585499287
040 _aCO-BoRNBP
_bspa
_erda
_cCO-BoRNBP
041 0 _aspa
084 _aA
100 _aAparicio Catalá, Anna, 1991,
_d1991-
_eaut
_961785
245 1 3 _aEl abecedario travieso :
_bencuentra la palabra intrusa /
_cilustraciones y texto Anna Aparicio Catalá.
250 _aEdición especial
264 1 _aBogotá, Colombia :
_bEdiciones Monserrate,
_c2022
300 _a64 páginas :
_bilustraciones a color
336 _atexto
_btxt
_2rdacontent
337 _asin mediación
_bn
_2rdamedia
338 _avolumen
_bnc
_2rdacarrier
521 _aRecomendado para un público infantil a partir de los 6 años
650 0 7 _aÁlbumes infantiles españoles
_2lemb
_961786
650 0 7 _aAlfabeto
_xenseñanza
_2lemb
_958649
650 0 7 _aBraille
_xenseñanza
_2lemb
_958650
650 0 7 _aCódigo morse
_2lemb
_961787
650 0 7 _aLiteratura infantil española
_ysiglo xxi
_2lemb
_9998
700 _aAparicio Catalá, Anna
_958652
942 _2loc
_cBKLITI
999 _c57844
_d57844